Detalles MARC
| 000 -CABECERA |
| Longitud fija campo de control |
01499nam a2200433 c 4500 |
| 001 - NÚMERO DE CONTROL |
| Número de control |
53772 |
| 003 - IDENTIFICADOR DE NÚMERO DE CONTROL |
| Identificador del número de control |
ES-MaCES |
| 005 - FECHA Y HORA DE LA ÚLTIMA TRANSACCIÓN |
| Fecha y hora de la última transacción |
20250710102041.0 |
| 008 - CAMPO FIJO DE DESCRIPCIÓN FIJA--INFORMACIÓN GENERAL |
| Códigos de información de longitud fija |
250630s2024 sp ||| | spa d |
| 017 ## - NÚMERO DE REGISTRO DE DERECHOS DE AUTOR Y DEPÓSITO LEGAL |
| Número de copyright o de depósito legal |
M 25405-2024 |
| Agencia que asigna el número |
DL |
| 020 ## - ISBN (INTERNATIONAL STANDARD BOOK NUMBER) |
| Número Internacional Normalizado para Libros (ISBN) |
9788432321368 |
| 040 ## - FUENTE DE CATALOGACIÓN |
| Centro catalogador de origen |
ES-MaCES |
| Lengua de catalogación |
spa |
| Centro transcriptor |
ES-MaCES |
| 041 1# - CÓDIGO DE IDIOMA |
| Código de lengua del texto;banda sonora o título independiente |
spa |
| Código de lengua original |
fre |
| 100 1# - ENCABEZAMIENTO PRINCIPAL--NOMBRE PERSONAL |
| 9 (RLIN) |
41404 |
| Nombre de persona |
Baudrillard, Jean |
| 245 13 - MENCIÓN DE TÍTULO |
| Título |
La sociedad de consumo |
| Resto del título |
: sus mitos, sus estructuras |
| Mención de responsabilidad, etc. |
Jean Baudrillard ; tr. de Alcira Bixio ; estudio introductorio de Luis Enrique Alonso |
| 250 ## - MENCIÓN DE EDICIÓN |
| Mención de edición |
2ª ed |
| 260 ## - PUBLICACIÓN, DISTRIBUCIÓN, ETC (PIE DE IMPRENTA) |
| Lugar de publicación, distribución, etc. |
Madrid |
| Nombre del editor, distribuidor, etc. |
Siglo XXI de España |
| Fecha de publicación, distribución, etc. |
2025 |
| 300 ## - DESCRIPCIÓN FÍSICA |
| Extensión |
310 p. |
| Dimensiones |
22 cm |
| 490 ## - MENCIÓN DE SERIE |
| Mención de serie |
Ciencias Sociales |
| 500 ## - NOTA GENERAL |
| Nota general |
Traducción de: La societé de consommation, ses mythes, ses structures |
| 504 ## - NOTA DE BIBLIOGRAFÍA, ETC. |
| Nota de bibliografía, etc. |
Bibliografía: p. 253-255 |
| 541 ## - NOTA DE LA FUENTE INMEDIANTE DE ADQUISICIÓN |
| Forma de adquisición |
Compra |
| 650 #4 - ASIENTO SECUNDARIO DE MATERIA--TÉRMINO DE MATERIA |
| 9 (RLIN) |
27269 |
| Término de materia o nombre geográfico como elemento inicial |
sociedad |
| 650 #4 - ASIENTO SECUNDARIO DE MATERIA--TÉRMINO DE MATERIA |
| 9 (RLIN) |
27907 |
| Término de materia o nombre geográfico como elemento inicial |
consumo |
| 650 #4 - ASIENTO SECUNDARIO DE MATERIA--TÉRMINO DE MATERIA |
| 9 (RLIN) |
27106 |
| Término de materia o nombre geográfico como elemento inicial |
sociedad opulenta |
| 650 #4 - ASIENTO SECUNDARIO DE MATERIA--TÉRMINO DE MATERIA |
| 9 (RLIN) |
27906 |
| Término de materia o nombre geográfico como elemento inicial |
bien de consumo |
| 650 #4 - ASIENTO SECUNDARIO DE MATERIA--TÉRMINO DE MATERIA |
| 9 (RLIN) |
27903 |
| Término de materia o nombre geográfico como elemento inicial |
comportamiento del consumidor |
| 650 #4 - ASIENTO SECUNDARIO DE MATERIA--TÉRMINO DE MATERIA |
| 9 (RLIN) |
27289 |
| Término de materia o nombre geográfico como elemento inicial |
estructura social |
| 650 #4 - ASIENTO SECUNDARIO DE MATERIA--TÉRMINO DE MATERIA |
| 9 (RLIN) |
29392 |
| Término de materia o nombre geográfico como elemento inicial |
sistema de valores |
| 650 #4 - ASIENTO SECUNDARIO DE MATERIA--TÉRMINO DE MATERIA |
| 9 (RLIN) |
27271 |
| Término de materia o nombre geográfico como elemento inicial |
comportamiento |
| 650 #4 - ASIENTO SECUNDARIO DE MATERIA--TÉRMINO DE MATERIA |
| 9 (RLIN) |
27260 |
| Término de materia o nombre geográfico como elemento inicial |
investigación sociológica |
| 653 10 - TÉRMINO DE INDEXACIÓN--NO CONTROLADO |
| Término no controlado |
Ciencias Sociales-Políticas |
| 700 1# - ENCABEZAMIENTO SECUNDARIO--NOMBRE PERSONAL |
| 9 (RLIN) |
41410 |
| Nombre de persona |
Bixio, Alcira |
| Término indicativo de función |
tr. |
| 700 1# - ENCABEZAMIENTO SECUNDARIO--NOMBRE PERSONAL |
| 9 (RLIN) |
5996 |
| Nombre de persona |
Alonso, Luis Enrique |
| Término indicativo de función |
col. |
| 740 32 - ENCABEZAMIENTO SECUNDARIO--TÍTULO ANALÍTICO/RELACIONADO NO CONTROLADO |
| Título relacionado o analítico no controlado |
La societé de consommation, ses mythes, ses structures |
| 830 #0 - ENCABEZAMIENTO SECUNDARIO DE COLECCIÓN--TÍTULO UNIFORME |
| 9 (RLIN) |
39094 |
| Título uniforme |
Ciencias Sociales (Siglo XXI de España) |
| 902 ## - CES. TIPO DE DOCUMENTO |
| Tipodoc (006$c Sirtex) |
LIB Libro |
| 942 ## - ELEMENTOS KOHA |
| Fuente de clasificaión o esquema |
Clasificación propia del CES |
| Koha [por defecto] tipo de item |
Monografías |
| Parte de clasificación |
Ciencias Sociales Politicas Empresariale |